Report of the Local Self-Government Committee (Record no. 391505)

000 -LEADER
fixed length control field 00351cam a22001097a 4500
008 - FIXED-LENGTH DATA ELEMENTS--GENERAL INFORMATION
fixed length control field 180718b1935 xxu||||| |||| 00| 0 eng d
082 ## - DEWEY DECIMAL CLASSIFICATION NUMBER
Classification number B7x5422 C333
100 ## - MAIN ENTRY--PERSONAL NAME
Personal name Central Provinces. Local Self-Government Committee
245 ## - TITLE STATEMENT
Title Report of the Local Self-Government Committee
260 ## - PUBLICATION, DISTRIBUTION, ETC.
Place of publication, distribution, etc. Nagpur
Name of publisher, distributor, etc. Local Self-Government Department
Date of publication, distribution, etc. 1935
300 ## - PHYSICAL DESCRIPTION
Extent 72p.
Holdings
Withdrawn status Lost status Damaged status Not for loan Permanent Location Current Location Date acquired Full call number Barcode Date last seen Price effective from Koha item type
        Indian Institute of Public Administration Indian Institute of Public Administration 2000-02-21 B7x5422 C333 D99 2018-07-21 2018-07-21 D

Powered by Koha